00615 2200181 4500001002100000005001500021035002000036007000300056008004100059082001000100084001600110100002600126245007500152260003300227300004200260520011500302600001600417INLIS00000000000053120210906093828 a0010-0921000003ta210906 b 1 ind  a398.2 a398.2 YUD d0 aYudhistira Ikranegara1 aDongeng pengantar tidur legenda malin kundang /cYudhistira Ikranegara aSurabaya :bCV.Cahaya Agency a32 Halaman :bIlustrasi ;c20 x 15 cm amendongeng adalah kegiatan ritual yang mampu mendekatkan hati dan jiwa anak-anak kepada anda selaku orang tua. 4aCerita Anak